[Event "Titled Tuesday intern op 04th Feb Late"]
[Site "Chess.com INT"]
[Date "2025.02.04"]
[Round "7"]
[White "Decuigniere, Tom"]
[Black "Palomo, Franklin Annervys"]
[Result "1/2-1/2"]
[WhiteElo "2375"]
[BlackElo "2234"]
[PlyCount "91"]
[EventDate "2025.02.04"]
[EventType "swiss (blitz)"]
[EventRounds "11"]
[EventCountry "USA"]
[SourceTitle "CB07_2025"]
[SourceDate "2025.02.12"]
[SourceVersion "1"]
[SourceVersionDate "2025.02.12"]
[SourceQuality "1"]

1. e4 c6 2. d4 d5 3. e5 Bf5 4. Nf3 e6 5. Be2 Nd7 6. 0-0 h6 7. c4 dxc4 8. Bxc4 Ne7 9. Nc3 Nd5 10. Nxd5 cxd5 11. Bd3 Bxd3 12. Qxd3 Qb6 13. b3 Be7 14. Bd2 a6 15. Ne1 0-0 16. f4 Rac8 17. Nf3 Qb5 18. Qxb5 axb5 19. a4 b4 20. Rfc1 f5 21. Kf2 Nb8 22. Ke2 Nc6 23. Kd3 Na5 24. Rab1 Rxc1 25. Bxc1 Rc8 26. Bd2 Kf7 27. g3 Kg6 28. Ne1 Kh5 29. Nc2 Nc6 30. h3 g5 31. Ne3 gxf4 32. gxf4 Rg8 33. Nf1 Kh4 34. Be3 Kxh3 35. Rb2 Rg2 36. Rb1 h5 37. Rc1 Bd8 38. Bd2 h4 39. Ne3 Kh2 40. Nxg2 Kxg2 41. Be3 h3 42. Rg1+ Kf3 43. Rf1+ Kg2 44. Rg1+ Kf3 45. Rf1+ Kg2 46. Rg1+ 1/2-1/2

[Event "Titled Tuesday intern op 04th Feb Late"]
[Site "Chess.com INT"]
[Date "2025.02.04"]
[Round "8"]
[White "Palomo, Franklin Annervys"]
[Black "Carcamo, Matias"]
[Result "1/2-1/2"]
[WhiteElo "2234"]
[BlackElo "2084"]
[PlyCount "145"]
[EventDate "2025.02.04"]
[EventType "swiss (blitz)"]
[EventRounds "11"]
[EventCountry "USA"]
[SourceTitle "CB07_2025"]
[SourceDate "2025.02.12"]
[SourceVersion "1"]
[SourceVersionDate "2025.02.12"]
[SourceQuality "1"]

1. Nf3 d5 2. g3 Nf6 3. Bg2 c6 4. 0-0 Bg4 5. d3 Nbd7 6. h3 Bh5 7. Nbd2 e6 8. c3 Bc5 9. a4 a6 10. a5 0-0 11. Qa4 Re8 12. Re1 e5 13. e4 dxe4 14. dxe4 Ba7 15. b4 Rc8 16. Nc4 Nf8 17. Nfxe5 Qc7 18. Bf4 g5 19. Bxg5 Rxe5 20. Bxf6 Re6 21. Bd4 c5 22. bxc5 Bxc5 23. Nb6 Rd8 24. e5 Nd7 25. Nxd7 Bxd4 26. cxd4 Rxd7 27. d5 Rxe5 28. Rxe5 Qxe5 29. Qxd7 Qxa1+ 30. Kh2 Qxa5 31. Qxb7 Qd2 32. d6 Qxd6 33. Qc8+ Kg7 34. Qc3+ Qf6 35. Qa5 Bg6 36. f4 h5 37. h4 Qe6 38. Bf1 Qe3 39. Qxa6 Qf2+ 40. Bg2 Be4 41. Qf1 Qxf1 42. Bxf1 Kh6 43. Kg1 Bf3 44. Kf2 Bg4 45. Ke3 Bd7 46. Kd4 Kg6 47. Ke5 Bf5 48. Bc4 Bc2 49. Bd5 f6+ 50. Ke6 Bf5+ 51. Ke7 Bg4 52. Be4+ Kg7 53. Bd3 Bf3 54. Bf5 Be2 55. Bh3 Bf3 56. Bd7 Be2 57. Be8 Bf3 58. Kd6 Be2 59. Kd5 Bf3+ 60. Kd4 Bd1 61. Ke3 Kf8 62. Bc6 Bc2 63. Bf3 Bg6 64. f5 Bxf5 65. Bxh5 Kg7 66. Be2 Bd7 67. g4 Bxg4 68. Bxg4 Kh8 69. Kf4 Kg7 70. Kf5 Kh8 71. Kxf6 Kh7 72. Kf7 Kh8 73. Bf5 1/2-1/2

[Event "Titled Tuesday intern op 04th Feb Late"]
[Site "Chess.com INT"]
[Date "2025.02.04"]
[Round "11"]
[White "Palomo, Franklin Annervys"]
[Black "Hajiyev, Kanan"]
[Result "1-0"]
[WhiteElo "2234"]
[BlackElo "2188"]
[PlyCount "119"]
[EventDate "2025.02.04"]
[EventType "swiss (blitz)"]
[EventRounds "11"]
[EventCountry "USA"]
[SourceTitle "CB07_2025"]
[SourceDate "2025.02.12"]
[SourceVersion "1"]
[SourceVersionDate "2025.02.12"]
[SourceQuality "1"]

1. Nf3 a6 2. g3 c6 3. Bg2 d5 4. 0-0 Nf6 5. d3 g6 6. Nbd2 Bg7 7. Re1 0-0 8. e4 dxe4 9. dxe4 Bg4 10. c3 Nbd7 11. Qc2 Qc7 12. h3 Bxf3 13. Nxf3 e5 14. a4 b5 15. c4 b4 16. c5 a5 17. b3 Rad8 18. Bb2 Rfe8 19. Rac1 Nf8 20. Red1 N6d7 21. Rd6 Ne6 22. Rcd1 Ndxc5 23. Rxd8 Rxd8 24. Rxd8+ Qxd8 25. Bxe5 Qd3 26. Qxd3 Nxd3 27. Bxg7 Kxg7 28. Bf1 Nec5 29. Bxd3 Nxd3 30. Nd2 Nc5 31. f4 Kf6 32. Kf2 Ke6 33. Ke3 Kd6 34. Kd4 Ne6+ 35. Kc4 f5 36. exf5 gxf5 37. Nf3 Nc5 38. Nd4 Ne4 39. Nxf5+ Ke6 40. Nd4+ Kd6 41. g4 Nf2 42. Nf5+ Kc7 43. Ne3 Nxh3 44. f5 Ng5 45. Kd4 Nf3+ 46. Kd3 c5 47. Nc4 Kc6 48. Ke4 Ng5+ 49. Kf4 Nh3+ 50. Ke5 Nf2 51. g5 Kd7 52. f6 Nd3+ 53. Kf5 Ke8 54. Nxa5 Nc1 55. Ke6 Kf8 56. f7 Nd3 57. Nc4 Nf4+ 58. Kf5 Nd5 59. Nd6 Ke7 60. Ke5 1-0

[Event "Titled Tuesday intern op 26th Mar Early"]
[Site "Chess.com INT"]
[Date "2024.03.26"]
[Round "7"]
[White "Pertinez Soria, Juan Luis"]
[Black "Palomo, Franklin Annervys"]
[Result "0-1"]
[WhiteElo "2146"]
[BlackElo "2248"]
[PlyCount "62"]
[EventDate "2024.03.26"]
[EventType "swiss (blitz)"]
[EventRounds "11"]
[EventCountry "USA"]
[SourceTitle "EXT 2025"]
[Source "ChessBase"]
[SourceDate "2024.10.14"]
[SourceVersion "1"]
[SourceVersionDate "2024.10.14"]
[SourceQuality "1"]

1. e4 c5 2. Nf3 e6 3. d4 cxd4 4. Nxd4 a6 5. c4 Qc7 6. Nc3 b6 7. Be3 Bb7 8. Be2 Nf6 9. f3 Nc6 10. Rc1 Ne5 11. b3 Ng6 12. 0-0 Bd6 13. g3 Bxg3 14. Kh1 Bxh2 15. Qd2 Bf4 16. Rf2 h5 17. a4 Rc8 18. a5 bxa5 19. Rg1 Bxe3 20. Qxe3 h4 21. Nd5 exd5 22. exd5+ Kf8 23. f4 Re8 24. Qc1 h3 25. Qa3+ Kg8 26. Nf5 h2 27. Rg5 Rxe2 28. Rxe2 Qxf4 29. Re8+ Nxe8 30. Ne7+ Nxe7 31. Rxg7+ Kxg7 0-1

[Event "VEN-ch"]
[Site "Caracas"]
[Date "2024.02.25"]
[Round "5"]
[White "Gutierrez Anaya, Yeison Joel"]
[Black "Palomo, Franklin Annervys"]
[Result "1-0"]
[WhiteElo "2138"]
[BlackElo "2297"]
[PlyCount "67"]
[EventDate "2024.02.23"]
[EventType "tourn"]
[EventRounds "9"]
[EventCountry "VEN"]
[EventCategory "1"]
[SourceTitle "CBM 219 Extra"]
[Source "ChessBase"]
[SourceDate "2024.05.31"]
[SourceVersion "1"]
[SourceVersionDate "2024.05.31"]
[SourceQuality "1"]

1. d4 Nf6 2. c4 e5 3. dxe5 Ng4 4. e4 Nxe5 5. f4 Ng6 6. Nc3 Bb4 7. a3 Bxc3+ 8. bxc3 Qe7 9. Bd3 d6 10. Ne2 Na6 11. 0-0 Nc5 12. Ng3 h5 13. Bc2 Bg4 14. Qd4 0-0-0 15. Be3 Rhe8 16. Rae1 Kb8 17. Nf5 Qd7 18. Qxg7 Nxe4 19. Nh6 Qc6 20. Nxf7 Rc8 21. Qxg6 Nxc3 22. Qd3 Na4 23. Bxa4 Qxa4 24. f5 h4 25. h3 Bh5 26. Ng5 Rg8 27. f6 Bg6 28. Qd4 b6 29. f7 Bxf7 30. Rxf7 Qxa3 31. Ref1 Rce8 32. Bc1 Qb3 33. Qd5 Qc3 34. Rxc7 1-0

[Event "VEN-ch"]
[Site "Caracas"]
[Date "2024.02.24"]
[Round "3"]
[White "Brizuela Abreu, Ronald Jesus"]
[Black "Palomo, Franklin Annervys"]
[Result "1-0"]
[WhiteElo "2311"]
[BlackElo "2297"]
[PlyCount "47"]
[EventDate "2024.02.23"]
[EventType "tourn"]
[EventRounds "9"]
[EventCountry "VEN"]
[EventCategory "1"]
[SourceTitle "CBM 219 Extra"]
[Source "ChessBase"]
[SourceDate "2024.05.31"]
[SourceVersion "1"]
[SourceVersionDate "2024.05.31"]
[SourceQuality "1"]

1. d4 Nf6 2. Nf3 e6 3. c4 d5 4. Nc3 Nbd7 5. Bg5 c6 6. e3 Be7 7. Bd3 0-0 8. 0-0 dxc4 9. Bxc4 Nd5 10. Bxe7 Qxe7 11. Rc1 Nxc3 12. Rxc3 e5 13. Bb3 exd4 14. exd4 Nf6 15. Re1 Qd6 16. Ne5 g6 17. Rg3 Kg7 18. h4 Bd7 19. h5 Nd5 20. Qf3 Rae8 21. Re4 Be6 22. Rh4 Qd8 23. hxg6 fxg6 24. Qh5 1-0

[Event "VEN-ch"]
[Site "Caracas"]
[Date "2024.02.23"]
[Round "1"]
[White "Palomo, Franklin Annervys"]
[Black "Escalona Landi, Samid Eduardo"]
[Result "1-0"]
[WhiteElo "2297"]
[BlackElo "2245"]
[PlyCount "103"]
[EventDate "2024.02.23"]
[EventType "tourn"]
[EventRounds "9"]
[EventCountry "VEN"]
[EventCategory "1"]
[SourceTitle "CBM 219 Extra"]
[Source "ChessBase"]
[SourceDate "2024.05.31"]
[SourceVersion "1"]
[SourceVersionDate "2024.05.31"]
[SourceQuality "1"]

1. d4 Nf6 2. Nf3 d5 3. c4 e6 4. g3 Be7 5. Bg2 0-0 6. 0-0 dxc4 7. Qa4 a6 8. Qxc4 b5 9. Qc2 Bb7 10. Bd2 Be4 11. Qc1 c6 12. Bf4 Bxf3 13. Bxf3 Qxd4 14. a4 Qb6 15. axb5 Qxb5 16. Nc3 Qb7 17. Na4 Nd5 18. Bd2 Nd7 19. e4 Nb4 20. Bc3 a5 21. Rd1 Rfd8 22. Qf4 Qb8 23. Rd2 Qxf4 24. gxf4 Nf8 25. Nb6 Rab8 26. Nc4 Rxd2 27. Bxd2 Nd3 28. Nxa5 Rxb2 29. Nxc6 Bf6 30. Be3 Rxf2 31. Ne7+ Bxe7 32. Bxf2 Nxf4 33. Bg3 Nd3 34. Kf1 f6 35. Ra7 Bc5 36. Rb7 Ng6 37. Bd1 Be7 38. h4 Nc5 39. Rb8+ Kf7 40. h5 Nf8 41. Bc2 g6 42. h6 g5 43. Rc8 Nfd7 44. Bf2 Bf8 45. Rc7 Bd6 46. Ra7 Bb8 47. Ra8 Be5 48. Rc8 Nb7 49. Ba4 Nf8 50. Be8+ Ke7 51. Bh5 f5 52. Re8+ 1-0

[Event "Titled Tuesday intern op 02nd Jan Late"]
[Site "Chess.com INT"]
[Date "2024.01.02"]
[Round "3"]
[White "Palomo, Franklin Annervys"]
[Black "Bochnicka, Vladimir1"]
[Result "0-1"]
[WhiteElo "2297"]
[BlackElo "2398"]
[PlyCount "138"]
[EventDate "2024.01.02"]
[EventType "swiss (blitz)"]
[EventRounds "11"]
[EventCountry "USA"]
[SourceTitle "EXT 2025"]
[Source "ChessBase"]
[SourceDate "2024.10.14"]
[SourceVersion "1"]
[SourceVersionDate "2024.10.14"]
[SourceQuality "1"]

1. Nf3 c5 2. g3 Nc6 3. Bg2 d6 4. 0-0 g6 5. d4 Bg7 6. c3 Bd7 7. Na3 Nf6 8. dxc5 dxc5 9. h3 0-0 10. Be3 b6 11. Bf4 Rc8 12. Nc4 Be6 13. Qa4 Qd7 14. Rfd1 Nd4 15. Qxd7 Nxe2+ 16. Kf1 Nxd7 17. Kxe2 Bxc4+ 18. Ke1 Rfd8 19. Nd2 Ba6 20. Ne4 Ne5 21. Bxe5 Bxe5 22. f4 Bg7 23. Kf2 Bd3 24. Ke3 Bc2 25. Rxd8+ Rxd8 26. Nf2 e5 27. Be4 exf4+ 28. gxf4 Bxe4 29. Nxe4 f5 30. Nf2 Kf7 31. a4 h6 32. Nd3 g5 33. Rf1 Kg6 34. Rg1 Bf6 35. Nf2 Kf7 36. Nd3 a5 37. Nf2 Be7 38. Rd1 Rxd1 39. Nxd1 Bd6 40. fxg5 hxg5 41. Kf3 Kg6 42. Ne3 Bc7 43. Nd5 Bd8 44. Ne3 Kf6 45. Nc4 Ke6 46. Ne3 f4 47. Nc4 Kd5 48. b3 Ke6 49. Ke4 Kf6 50. Nd2 Kg6 51. Nf3 Kh5 52. Kf5 Be7 53. c4 Bd8 54. Ke6 g4 55. hxg4+ Kxg4 56. Ne5+ Kg3 57. Kd7 Bf6 58. Nf7 f3 59. Nd6 Kf4 60. Ke6 f2 61. Kxf6 f1Q 62. Ke6 Qe2+ 63. Kd5 Qb2 64. Nc8 Qxb3 65. Kc6 Qxa4+ 66. Kxb6 Qxc4 67. Kc6 a4 68. Nb6 Qe4+ 69. Kb5 a3 0-1

[Event "Olympiad-44"]
[Site "Chennai"]
[Date "2022.08.09"]
[Round "11.2"]
[White "Avila Pavas, Santiago"]
[Black "Palomo, Franklin Annervys"]
[Result "1-0"]
[WhiteElo "2453"]
[BlackElo "2324"]
[PlyCount "75"]
[EventDate "2022.07.29"]
[EventType "team-swiss"]
[EventRounds "11"]
[EventCountry "IND"]
[SourceTitle "CBM 210"]
[Source "ChessBase"]
[SourceDate "2022.10.31"]
[SourceVersion "1"]
[SourceVersionDate "2022.10.31"]
[SourceQuality "1"]
[WhiteTeam "Colombia"]
[BlackTeam "Venezuela"]
[WhiteTeamCountry "COL"]
[BlackTeamCountry "VEN"]

1. e4 c5 2. Nf3 e6 3. d4 cxd4 4. Nxd4 a6 5. c4 Nf6 6. Nc3 Qc7 7. a3 b6 8. Be3 Bb7 9. f3 d6 10. Be2 Be7 11. 0-0 Nbd7 12. Qd2 0-0 13. Rac1 Rac8 14. b4 Qb8 15. Rfd1 Bd8 16. Kh1 Bc7 17. Nb3 Rfe8 18. Bf4 Ne5 19. Bxe5 dxe5 20. Qe1 Red8 21. c5 Rxd1 22. Qxd1 b5 23. Qf1 Bc6 24. Na1 Nh5 25. g3 Qb7 26. a4 Rb8 27. axb5 axb5 28. Qh3 g6 29. Nc2 f5 30. Na3 fxe4 31. Qxe6+ Kh8 32. Bxb5 Bxb5 33. Naxb5 exf3 34. Qd7 f2+ 35. c6 Qa6 36. Qxc7 Rxb5 37. Nxb5 Qxb5 38. Qc8+ 1-0

[Event "Olympiad-44"]
[Site "Chennai"]
[Date "2022.08.01"]
[Round "4.2"]
[White "Palomo, Franklin Annervys"]
[Black "Cruz, Cristhian"]
[Result "1/2-1/2"]
[WhiteElo "2324"]
[BlackElo "2579"]
[PlyCount "64"]
[EventDate "2022.07.29"]
[EventType "team-swiss"]
[EventRounds "11"]
[EventCountry "IND"]
[SourceTitle "CBM 210"]
[Source "ChessBase"]
[SourceDate "2022.10.31"]
[SourceVersion "1"]
[SourceVersionDate "2022.10.31"]
[SourceQuality "1"]
[WhiteTeam "Venezuela"]
[BlackTeam "Peru"]
[WhiteTeamCountry "VEN"]
[BlackTeamCountry "PER"]

1. d4 Nf6 2. Nf3 e6 3. c4 Bb4+ 4. Bd2 c5 5. Bxb4 cxb4 6. Nbd2 0-0 7. e3 b6 8. Bd3 Bb7 9. 0-0 d6 10. Qb1 Nbd7 11. a3 bxa3 12. Rxa3 Qc7 13. h3 h6 14. Rc1 Rfe8 15. b4 a5 16. Bf1 axb4 17. Qxb4 Rxa3 18. Qxa3 Ra8 19. Qb2 Qb8 20. Ra1 Kf8 21. Bd3 Ke7 22. Kf1 Rxa1+ 23. Qxa1 Qa8 24. Qxa8 Bxa8 25. Ke2 Bb7 26. Kd1 Kd8 27. Kc2 Kc7 28. Kc3 Ba8 29. Bc2 Bc6 30. Bd3 Bb7 31. Bc2 Bc6 32. Bd3 Bb7 1/2-1/2

[Event "VEN-ch"]
[Site "Guatire"]
[Date "2020.01.30"]
[Round "9"]
[White "Marichal Gonzalez, Ariel"]
[Black "Palomo, Franklin Annervys"]
[Result "0-1"]
[WhiteElo "2317"]
[BlackElo "2294"]
[PlyCount "110"]
[EventDate "2020.01.25"]
[EventType "tourn"]
[EventRounds "9"]
[EventCountry "VEN"]
[EventCategory "1"]
[SourceTitle "CBM 194 Extra"]
[Source "ChessBase"]
[SourceDate "2020.03.31"]
[SourceVersion "1"]
[SourceVersionDate "2020.03.31"]
[SourceQuality "1"]

1. d4 Nf6 2. c4 d6 3. Nf3 Nbd7 4. Nc3 e5 5. e4 exd4 6. Nxd4 g6 7. Be2 Bg7 8. 0-0 0-0 9. Kh1 Re8 10. f3 a5 11. Bg5 c6 12. Qd2 a4 13. Nc2 Nc5 14. Rfd1 Ne6 15. Bh6 Bxh6 16. Qxh6 Qb6 17. Rab1 Qc5 18. Qd2 Rd8 19. f4 b5 20. cxb5 cxb5 21. Bxb5 Bb7 22. Bd3 d5 23. f5 dxe4 24. fxe6 exd3 25. exf7+ Kxf7 26. Ne3 Re8 27. Re1 Rad8 28. Qf2 Kg7 29. Rf1 Re6 30. Nf5+ Qxf5 31. Qa7 Re7 32. Rxf5 Bxg2+ 33. Kxg2 Rxa7 34. Rf4 Nd5 35. Nxd5 Rxd5 36. Rd1 a3 37. b3 Rc7 38. Rd2 Rc2 39. Rff2 Rc3 40. Rf3 g5 41. Kf2 Kg6 42. Ke3 g4 43. Rf4 Kg5 44. Rd4 Re5+ 45. Re4 Rf5 46. Kd4 Rc7 47. Kxd3 h5 48. Ke2 Rc1 49. Rd1 Rc3 50. Rd3 Rc1 51. Rd1 Rc6 52. Rd3 Kh4 53. b4 Rc2+ 54. Rd2 Rb2 55. Red4 Rb5 0-1

[Event "VEN-ch"]
[Site "Guatire"]
[Date "2020.01.27"]
[Round "4"]
[White "Palomo, Franklin Annervys"]
[Black "Palencia Morales, Wilson Guillermo"]
[Result "1-0"]
[WhiteElo "2294"]
[BlackElo "2336"]
[PlyCount "69"]
[EventDate "2020.01.25"]
[EventType "tourn"]
[EventRounds "9"]
[EventCountry "VEN"]
[EventCategory "1"]
[SourceTitle "CBM 194 Extra"]
[Source "ChessBase"]
[SourceDate "2020.03.31"]
[SourceVersion "1"]
[SourceVersionDate "2020.03.31"]
[SourceQuality "1"]

1. e4 c6 2. d4 d5 3. Nc3 g6 4. Nf3 Bg7 5. h3 Nf6 6. e5 Ng8 7. Bd3 e6 8. h4 a6 9. Ne2 c5 10. c3 Nc6 11. h5 Bd7 12. a3 cxd4 13. cxd4 Qa5+ 14. Kf1 gxh5 15. Nf4 h6 16. Nxh5 Bf8 17. Be3 Qb6 18. b4 Na7 19. g3 Bb5 20. Kg2 Bxd3 21. Qxd3 Qb5 22. Qd1 Nc8 23. Nh2 Nb6 24. Qf3 Rc8 25. Ng4 Nd7 26. Rhc1 Rc4 27. a4 Qc6 28. b5 Qc8 29. Rxc4 dxc4 30. d5 exd5 31. Qxd5 Be7 32. e6 fxe6 33. Ng7+ Kf7 34. Nxe6 Ke8 35. Qh5# 1-0

[Event "Titled Tuesday intern op 5th June"]
[Site "Chess.com INT"]
[Date "2018.06.05"]
[Round "7"]
[White "Palomo, Franklin Annervys"]
[Black "Rahman, Farhadur"]
[Result "1-0"]
[WhiteElo "2282"]
[BlackElo "1965"]
[PlyCount "43"]
[EventDate "2018.06.05"]
[EventType "swiss (blitz)"]
[EventRounds "10"]
[EventCountry "USA"]
[SourceTitle "EXT 2021"]
[Source "ChessBase"]
[SourceDate "2020.10.23"]
[SourceVersion "1"]
[SourceVersionDate "2020.10.23"]
[SourceQuality "1"]

1. Nf3 Nf6 2. c4 g6 3. g3 Bg7 4. Bg2 0-0 5. 0-0 d6 6. d4 Nbd7 7. Nc3 c6 8. h3 e5 9. e4 Qc7 10. Re1 Rd8 11. Be3 Nf8 12. Qc2 Be6 13. b3 exd4 14. Nxd4 N6d7 15. Rad1 a5 16. Kh2 Nc5 17. f4 h5 18. Qf2 Qe7 19. e5 dxe5 20. Nxc6 bxc6 21. Bxc5 Qc7 22. Bb6 1-0

[Event "Porlamar FVA"]
[Site "Porlamar"]
[Date "2018.03.15"]
[Round "2.5"]
[White "Palomo, Franklin Annervys"]
[Black "Brizuela Abreu, Reivis Gabriel"]
[Result "0-1"]
[WhiteElo "2347"]
[BlackElo "2242"]
[PlyCount "128"]
[EventDate "2018.03.14"]
[EventType "tourn"]
[EventRounds "9"]
[EventCountry "VEN"]
[SourceTitle "EXT 2022"]
[Source "ChessBase"]
[SourceDate "2021.10.06"]
[SourceVersion "1"]
[SourceVersionDate "2021.10.06"]
[SourceQuality "1"]

1. e4 e6 2. d4 d5 3. e5 c5 4. c3 Qb6 5. Nf3 Nc6 6. Be2 Nh6 7. b3 cxd4 8. cxd4 Bb4+ 9. Kf1 Nf5 10. Bb2 Bd7 11. g4 Nh6 12. Rg1 Rc8 13. Na3 Qa5 14. Nb1 Qb6 15. Nbd2 Ne7 16. Rg3 Ng6 17. Kg1 Bb5 18. a3 Be7 19. a4 Bxe2 20. Qxe2 Rc2 21. Rb1 0-0 22. Qe3 Bb4 23. Nf1 Qa6 24. h4 Rfc8 25. h5 Re2 26. hxg6 Rxe3 27. gxh7+ Kxh7 28. Nxe3 Kg8 29. Kg2 Kf8 30. Rh1 Ke7 31. g5 Nf5 32. Nxf5+ exf5 33. g6 f4 34. Rg4 Rc6 35. gxf7 Rg6 36. Rhh4 Qe6 37. Kh3 Rxg4 38. Rxg4 Qxf7 39. Kg2 g6 40. Bc1 Qf5 41. Rxf4 Qc2 42. Be3 Qxb3 43. Ng5 Qxa4 44. Rf7+ Ke8 45. Rxb7 a5 46. Nh7 Qc6 47. Nf6+ Kd8 48. Ra7 Kc8 49. Bg5 Kb8 50. Rh7 a4 51. e6 Qxe6 52. Nd7+ Kc8 53. Ne5 a3 54. Ra7 Bd6 55. Nf7 Qg4+ 56. Kf1 Bb4 57. Be3 Qd1+ 58. Kg2 Qb1 59. Bf4 Qc2 60. Ra8+ Kd7 61. Ne5+ Ke6 62. Ra6+ Kf5 63. Be3 a2 64. Nf3 Qe4 0-1

[Event "VEN-chT Liga Superior qual"]
[Site "Caracas"]
[Date "2018.01.28"]
[Round "6.1"]
[White "Palomo, Franklin Annervys"]
[Black "Brizuela Abreu, Reivis Gabriel"]
[Result "1-0"]
[WhiteElo "2251"]
[BlackElo "2214"]
[PlyCount "147"]
[EventDate "2018.01.26"]
[EventType "team-swiss"]
[EventRounds "6"]
[EventCountry "VEN"]
[SourceTitle "EXT 2022"]
[Source "ChessBase"]
[SourceDate "2021.10.06"]
[SourceVersion "1"]
[SourceVersionDate "2021.10.06"]
[SourceQuality "1"]
[WhiteTeam "Lo&Ar Taem Galletero"]
[BlackTeam "Fransheskawhite"]
[WhiteTeamCountry "VEN"]
[BlackTeamCountry "VEN"]

1. g3 d5 2. Bg2 c5 3. Nf3 Nc6 4. c4 d4 5. d3 Nf6 6. 0-0 e5 7. e3 Be7 8. exd4 exd4 9. Bg5 0-0 10. Re1 h6 11. Bxf6 Bxf6 12. Nbd2 Be6 13. a3 a5 14. Ne4 Be7 15. Nfd2 Qc7 16. f4 Rfe8 17. Qf3 f5 18. Nf2 Bd6 19. Qh5 Qf7 20. Qh3 Kf8 21. Bf3 Qf6 22. Qg2 Bd7 23. Nf1 Rxe1 24. Rxe1 Re8 25. Rxe8+ Kxe8 26. Nd1 Kd8 27. Qd2 b6 28. h4 Kc7 29. Nh2 Qg6 30. Kf2 Qf6 31. Bg2 Qe7 32. Nf3 Qe8 33. Ne1 Qe6 34. Bf3 Qe8 35. Ng2 Qe6 36. Kg1 Ne7 37. Nf2 Bc6 38. Bxc6 Nxc6 39. Qd1 Ne7 40. Qf3 Nc6 41. h5 Be7 42. Kh2 Bd6 43. Kh3 Ne7 44. g4 Ng8 45. gxf5 Qxf5+ 46. Qg4 Ne7 47. Ne4 Qd7 48. Qxd7+ Kxd7 49. Kg4 Ke6 50. Nh4 Bc7 51. f5+ Kf7 52. b3 Nc6 53. Ng6 a4 54. bxa4 Na5 55. f6 gxf6 56. Kf5 Nb3 57. Nxf6 Nc1 58. Nd5 Nxd3 59. Nxc7 Nb2 60. Ne5+ Ke7 61. Ke4 d3 62. Nd5+ Kd6 63. Nxd3 Nxc4 64. N3f4 Nxa3 65. Nxb6 Kc6 66. Nfd5 Nc2 67. Nc4 Nd4 68. Ne5+ Kb7 69. Nf7 Ne6 70. Kf5 Ng7+ 71. Kg6 Nxh5 72. Kxh5 Ka6 73. Nc3 Ka5 74. Nd6 1-0

[Event "Valera FVA 82nd Anniv"]
[Site "Valera"]
[Date "2017.12.15"]
[Round "6"]
[White "Palomo, Franklin Annervys"]
[Black "Vidal Melendez, Ismael David"]
[Result "1/2-1/2"]
[WhiteElo "2285"]
[BlackElo "2289"]
[PlyCount "60"]
[EventDate "2017.12.13"]
[EventType "swiss"]
[EventRounds "7"]
[EventCountry "VEN"]
[SourceTitle "CBM 182 Extra"]
[Source "ChessBase"]
[SourceDate "2018.02.23"]
[SourceVersion "1"]
[SourceVersionDate "2018.02.23"]
[SourceQuality "1"]

1. e4 e5 2. Nf3 Nc6 3. Bb5 a6 4. Ba4 Nf6 5. 0-0 Nxe4 6. Re1 Nc5 7. Bxc6 dxc6 8. Nxe5 Be7 9. d4 Ne6 10. Be3 0-0 11. Nc3 Bf6 12. f4 Bxe5 13. dxe5 f5 14. Qf3 Qe8 15. a4 a5 16. Red1 b6 17. Rd2 Bb7 18. Rad1 Rf7 19. h3 Rd8 20. Kh2 Rxd2 21. Rxd2 Rd7 22. Qd1 Rxd2 23. Qxd2 c5 24. b3 Qc6 25. Qe2 h6 26. h4 Kf8 27. Qf2 g6 28. Qd2 Ke7 29. Qf2 Ke8 30. Bd2 g5 1/2-1/2

[Event "Valera FVA 82nd Anniv"]
[Site "Valera"]
[Date "2017.12.14"]
[Round "4"]
[White "Palomo, Franklin Annervys"]
[Black "Rondon Chacon, Rene Ibrahim"]
[Result "1-0"]
[WhiteElo "2285"]
[BlackElo "2165"]
[PlyCount "85"]
[EventDate "2017.12.13"]
[EventType "swiss"]
[EventRounds "7"]
[EventCountry "VEN"]
[SourceTitle "CBM 182 Extra"]
[Source "ChessBase"]
[SourceDate "2018.02.23"]
[SourceVersion "1"]
[SourceVersionDate "2018.02.23"]
[SourceQuality "1"]

1. Nf3 Nf6 2. c4 d5 3. e3 c5 4. cxd5 Nxd5 5. a3 g6 6. h4 Nc6 7. h5 e5 8. hxg6 fxg6 9. Bb5 Bg7 10. Qc2 Qe7 11. Rxh7 0-0 12. Rh1 e4 13. Bc4 exf3 14. Bxd5+ Be6 15. Qxg6 Bxd5 16. Qh7+ Kf7 17. Qf5+ Ke8 18. Qxd5 Ne5 19. gxf3 Rd8 20. Qb3 Nd3+ 21. Ke2 Rxf3 22. Kxf3 Qf6+ 23. Ke2 Qxf2+ 24. Kd1 Qf3+ 25. Kc2 Qe4 26. Qg8+ Bf8 27. Rf1 Nf2+ 28. Kb3 Qd3+ 29. Nc3 Qxf1 30. Qe6+ Be7 31. d4 Nd3 32. Ne4 cxd4 33. exd4 Qf3 34. Be3 Rxd4 35. Rg1 Nc1+ 36. Rxc1 Qxe3+ 37. Rc3 Qf4 38. Rc8+ Rd8 39. Rc7 Qf3+ 40. Kc2 Qf7 41. Rxe7+ Qxe7 42. Nf6+ Kf8 43. Qg8# 1-0

[Event "Valencia Martis Cup 1st"]
[Site "Valencia"]
[Date "2017.12.09"]
[Round "8"]
[White "Palomo, Franklin Annervys"]
[Black "Ruiz Aguilar, Pablo Alexander"]
[Result "1/2-1/2"]
[WhiteElo "2285"]
[BlackElo "2267"]
[PlyCount "138"]
[EventDate "2017.12.05"]
[EventType "tourn"]
[EventRounds "9"]
[EventCountry "VEN"]
[EventCategory "3"]
[SourceTitle "CBM 182 Extra"]
[Source "ChessBase"]
[SourceDate "2018.02.23"]
[SourceVersion "1"]
[SourceVersionDate "2018.02.23"]
[SourceQuality "1"]

1. e4 c5 2. Nf3 e6 3. d4 cxd4 4. Nxd4 a6 5. Bd3 Nc6 6. Nxc6 bxc6 7. 0-0 e5 8. Nd2 Bc5 9. Nc4 d6 10. Qf3 Ne7 11. Be3 Bxe3 12. Qxe3 0-0 13. Rad1 Be6 14. Be2 Qb8 15. b3 Rd8 16. Rfe1 Bxc4 17. Bxc4 d5 18. Qc5 Qb7 19. Bd3 f6 20. f4 exf4 21. exd5 Nxd5 22. Bc4 Kf7 23. Re4 g5 24. Red4 Kg7 25. Bxd5 cxd5 26. Rxd5 Rac8 27. Rxd8 Rxc5 28. R8d7+ Qxd7 29. Rxd7+ Kg6 30. c4 Re5 31. Ra7 a5 32. Kf2 g4 33. Rd7 Re3 34. Rd5 a4 35. Rb5 Rc3 36. Rb4 Rc2+ 37. Kf1 a3 38. Ra4 Rxa2 39. c5 Kf5 40. c6 Ra1+ 41. Ke2 Rc1 42. Rxa3 Rxc6 43. Ra5+ Ke4 44. Ra4+ Ke5 45. Ra5+ Ke6 46. Kd3 f5 47. b4 Rd6+ 48. Ke2 Rd4 49. Rb5 h5 50. Rb8 h4 51. b5 Rb4 52. b6 Rb2+ 53. Kf1 Kf7 54. b7 Kg7 55. Kg1 g3 56. hxg3 fxg3 57. Kf1 f4 58. Rc8 Rxb7 59. Rc4 Rb1+ 60. Ke2 Rb2+ 61. Kf3 Rf2+ 62. Kg4 f3 63. Kxh4 Rxg2 64. Rg4+ Kh6 65. Rxg3 Rh2+ 66. Kg4 f2 67. Rf3 Kg6 68. Kg3 Rh5 69. Rxf2 Rf5 1/2-1/2